| 000 | 00610nam a2200241Ia 4500 | ||
|---|---|---|---|
| 003 | 0100 | ||
| 008 | 130303s9999 xx 000 0 und d | ||
| 020 | _a1563381664 | ||
| 040 | _cARRUPELIB | ||
| 050 | _aBL65.C8S26 1996 | ||
| 100 | _aSanneh, Lamin | ||
| 245 | _aReligion and the variety of culture | ||
| 245 | _ba study in origin and practice | ||
| 250 | _a1st U.S. ed. | ||
| 260 | _aPennyslvannia | ||
| 260 | _bTrinity Press International | ||
| 260 | _C1996 | ||
| 300 | _aviii | ||
| 300 | _b87 p. 18 cm. | ||
| 440 | _aChristian mission and modern culture | ||
| 650 | _aRELIGION | ||
| 942 | 0 | 0 | _02 |
| 999 |
_c7962 _d7962 |
||